MARC

LEADER 00000nam1a2200000 4500
001 379688
005 20231101062626.0
035 |a (RuTPU)RU\TPU\prd\83 
090 |a 379688 
100 |a 20011210b1961 k y0rusy50 ca 
101 0 |a rus 
102 |a RU 
200 1 |a Кабельная техника  |e научно-технический сборник  |f Центральный институт научно-технической информации электротехнической промышленности и приборостроения (ЦИНТИЭлектропром) 
210 |a Москва  |c ЦИНТИЭлектропром  |d 1961, 1963, 1967-1970 
326 |a 6 номеров в год 
440 1 |0 (RuTPU)RU\TPU\prd\41654  |x 0131-1158  |t Электротехническая промышленность. Серия: Кабельная техника  |o научно-технический реферативный сборник  |f Всесоюзный научно-исследовательский институт информации и технико-экономических исследований в электротехнике (Информэлектро)  |c Москва  |n Информэлектро  |d 1970-1984 
610 1 |a кабельная промышленность 
610 1 |a кабельное производство 
610 1 |a кабельная техника 
610 1 |a кабели 
610 1 |a изоляция 
675 |a 621.315.2  |v 3 
712 0 2 |a Центральный институт научно-технической информации электротехнической промышленности и приборостроения (ЦИНТИЭлектропром)  |2 stltpush  |3 (RuTPU)RU\TPU\col\14243 
801 0 |a RU  |b 63413507  |c 20011210  |g PSBO 
801 2 |a RU  |b 63413507  |c 20130417  |g PSBO 
942 |c CR